Catholic University of Zimbabwe Library
Online Public Access Catalogue
(OPAC)

Detained : (Record no. 6288)

MARC details
000 -LEADER
fixed length control field 01034cam a2200301 a 4500
001 - CONTROL NUMBER
control field 4699440
003 - CONTROL NUMBER IDENTIFIER
control field OSt
005 - DATE AND TIME OF LATEST TRANSACTION
control field 20190918095853.0
008 - FIXED-LENGTH DATA ELEMENTS--GENERAL INFORMATION
fixed length control field 820826s1981 ke a 000 0aeng
010 ## - LIBRARY OF CONGRESS CONTROL NUMBER
LC control number 82102392
020 ## - INTERNATIONAL STANDARD BOOK NUMBER
International Standard Book Number 043590650X
020 ## - INTERNATIONAL STANDARD BOOK NUMBER
International Standard Book Number 0435902407 (pbk.)
040 ## - CATALOGING SOURCE
Original cataloging agency DLC
Transcribing agency DLC
Modifying agency DLC
043 ## - GEOGRAPHIC AREA CODE
Geographic area code f-ke---
050 00 - LIBRARY OF CONGRESS CALL NUMBER
Classification number PR9381.9.N45
Item number Z468 1981
082 00 - DEWEY DECIMAL CLASSIFICATION NUMBER
Classification number 365/.45/0924
-- B
Edition number 19
100 0# - MAIN ENTRY--PERSONAL NAME
Personal name Ngũgĩ wa Thiongó,
Dates associated with a name 1938-
245 10 - TITLE STATEMENT
Title Detained :
Remainder of title a writer's prison diary /
Statement of responsibility, etc. Ngũgĩ wa Thiongʾo.
260 ## - PUBLICATION, DISTRIBUTION, ETC.
Place of publication, distribution, etc. Nairobi :
Name of publisher, distributor, etc. Heinemann,
Date of publication, distribution, etc. 1981.
300 ## - PHYSICAL DESCRIPTION
Extent xxiii, 228 p. :
Other physical details ill. ;
Dimensions 19 cm.
440 #0 - SERIES STATEMENT/ADDED ENTRY--TITLE
Title African writers series
600 00 - SUBJECT ADDED ENTRY--PERSONAL NAME
Personal name Ngũgĩ wa Thiongó,
Dates associated with a name 1938-
General subdivision Diaries.
650 #0 - SUBJECT ADDED ENTRY--TOPICAL TERM
Topical term or geographic name entry element Authors, Kenyan
Chronological subdivision 20th century
General subdivision Diaries.
650 #0 - SUBJECT ADDED ENTRY--TOPICAL TERM
Topical term or geographic name entry element Political prisoners
Geographic subdivision Kenya
General subdivision Diaries.
650 #0 - SUBJECT ADDED ENTRY--TOPICAL TERM
Topical term or geographic name entry element Political crimes and offenses
Geographic subdivision Kenya.
651 #0 - SUBJECT ADDED ENTRY--GEOGRAPHIC NAME
Geographic name Kenya
General subdivision Politics and government
Chronological subdivision 1963-1978.
906 ## - LOCAL DATA ELEMENT F, LDF (RLIN)
a 7
b cbc
c orignew
d 3
e ncip
f 19
g y-gencatlg
942 ## - ADDED ENTRY ELEMENTS (KOHA)
Source of classification or shelving scheme
Koha item type OS Book
Classification part PR9381.9.N45
Holdings
Withdrawn status Lost status Source of classification or shelving scheme Damaged status Not for loan Home library Current library Shelving location Date acquired Source of acquisition Cost, normal purchase price Inventory number Total Checkouts Full call number Barcode Date last seen Date last checked out Copy number Cost, replacement price Price effective from Koha item type
          CUZ Harare Campus CUZ Harare Campus Open Shelf 18.09.2019 Donation 10.00 CU13855 1 PR9381.9.N45 bk008470 22.05.2025 08.11.2019 2 10.00 18.09.2019 OS Book

OPENING HOURS

Weekdays: 0815hrs - 1800hrs
Weekends:0900hrs - 1200hrs

Closed for Mass:

Mon, Thur: 1200hrs - 1300hrs
Sunday & Public Holiday’s

CALL SUPPORT

0242-570570, 0242-570169
09200664, +263 8644140602

LOCATION

18443, Cranborne Avenue, Hatfield, Harare

Other Links


©2021 | CUZ Library